000 00574nam a2200205Ia 4500
005 20250508165615.0
008 008 250505s9999 xx 000 0 eng d
037 _aTextual
040 _aFEDL
_beng
_cFEDL
041 _aeng
_2eng
084 _a165, HUG
_qFEDL
100 _aHughes Patrick
_9781356
245 0 _aVicious circles and infinity : an anthology of paradoxes
260 _aLondon, UK
_bPenguin Books
_c1975
300 _a83
365 _aGBP
_b3.25
700 _a Bercht George
_9781357
942 _cTEXL
_h165, HUG
999 _c1396163
_d1396163